Visualizzazione normale
Vista MARC
- Stolz Robert
di Personal Name
Records bibliografici associati: 1
001 - CONTROL NUMBER
- control field: 2853
003 - CONTROL NUMBER IDENTIFIER
- control field: IT-RoPau
005 - DATE AND TIME OF LATEST TRANSACTION
- control field: 20131122103214.0
008 - FIXED-LENGTH DATA ELEMENTS
- fixed length control field: 131122|| aca||aabn | a|a d
040 ## - CATALOGING SOURCE
- Original cataloging agency: IT-RoPau
- Transcribing agency: IT-RoPau
100 ## - HEADING--PERSONAL NAME
- Personal name: Stolz Robert
- Dates associated with a name: Codice autore musica SPICS: 13453
- Relator term: Autore musica
- Name of part/section of a work: Abat-Jour
670 ## - SOURCE DATA FOUND
- Source citation: Work cat.: (IT-RoPau)99745: AA.VV. 794, C'eravamo tanto amati (disco)